| 000 | 00617cad a22002175a 4500 | ||
|---|---|---|---|
| 001 | L159775 | ||
| 008 | 150226s2016 xxk f 000 0 eng d | ||
| 035 | _a(Sirsi) u159775 | ||
| 041 | 0 | _aeng | |
| 100 | 1 | _aMann, Will | |
| 245 | 0 | 0 | _aAll under one roof |
| 260 | _c2016 | ||
| 490 |
_aModus _vApril 2016, 36-37 (2) |
||
| 520 | _aReports on the progress of the Stavros Niarchos Foundation Cultural Centre, the new home for Greece's National Library and Opera. | ||
| 590 | _aKA | ||
| 650 | 2 | 4 | _aOPERA HOUSE |
| 650 | 2 | 4 | _aLIBRARY |
| 651 | 4 | _aGreece | |
| 690 | _aBUILDING AND CONSTRUCTION-PROJECTS | ||
| 942 | _n0 | ||
| 999 |
_c84980 _d84980 |
||